Maastrichtské kritériá a ekonomická teória

Bibliographic Details
Main Author: Husár, Jaroslav, 1936- (Author)
Format: Article
Language:Slovak
PhysicalDescription:Grafy, tab.
ISSN:0323-262X
Subjects:

MARC

LEADER 00000nab a2200000 a 4500
001 vtls010067465
003 SK-MaSNL
005 20260305042710.0
008 250708c2009 xo qr|p|||||||000 b|slo
015 |a SNBRB2010/02  |2 snkbucl 
035 |a (uuid)c9f5c004-6ff5-412a-89d6-8cc7248dd679 
035 |a urn:nbn:sk:snk-ab2eqq 
035 |a (urnnbn)urn:nbn:sk:snk:ar-a02b9m 
038 |a SNKBUCL 
040 |a SNKBUCL  |b slo  |c SNKBUCL  |e AACR2 
041 0 |a slo  |b eng 
044 |a xo  |c SK 
080 |a 339.738  |x (4:437.6)  |2 2001 
080 |a 330.55:336.748.12:336.27:330.4  |2 2001 
080 |a 336.748.12  |2 2001 
080 |a 336.27  |2 2001 
080 |a 330.4  |2 2001 
100 1 |a Husár, Jaroslav,  |d 1936-  |4 aut  |9 102254 
245 1 0 |a Maastrichtské kritériá a ekonomická teória  |c Jaroslav Husár 
300 |b Grafy, tab. 
500 |a Pozn. pod čiarou 
504 |a Bibliogr. odkazy 
546 |a Res. angl. 
610 2 7 |a Európska únia  |2 SNKKA  |9 29861 
650 0 7 |a hrubý domáci produkt  |2 snkbucl  |9 2288 
650 0 7 |a inflácia  |2 snkbucl  |9 2290 
650 0 7 |a štátny dlh  |2 snkbucl  |9 2362 
650 0 7 |a dynamické modely  |2 snkbucl  |9 87810 
650 0 7 |a maastrichtské kritériá  |2 SNKPH  |9 1319386 
773 0 |t Ekonomické rozhľady = Economic Review  |g Roč. XXXVIII., č. 4 (2009), s. 553-564  |x 0323-262X 
850 |a Slovenská národná knižnica 
852 |a Slovenská národná knižnica 
954 |a odborná, vedecká literatúra pôvodná (slovenská)  |2 lita 
958 |a article27 
958 |a NB 
958 |a SK 
958 |a OND 
958 |a EUIPO 
999 |c 3350596  |d 3352526